LEADER 02086oam 2200553M 450 001 9910716213503321 005 20200213070532.5 035 $a(CKB)5470000002519994 035 $a(OCoLC)1065842078 035 $a(OCoLC)995470000002519994 035 $a(EXLCZ)995470000002519994 100 $a20071213d1926 ua 0 101 0 $aeng 135 $aurcn||||||||| 181 $ctxt$2rdacontent 182 $cc$2rdamedia 183 $acr$2rdacarrier 200 10$aBridge across the Mississippi River at or near the City of Natchez, Miss. April 19 (calendar day, April 20), 1926. -- Ordered to be printed 210 1$a[Washington, D.C.] :$c[U.S. Government Printing Office],$d1926. 215 $a1 online resource (2 pages) 225 1 $aSenate report / 69th Congress, 1st session. Senate ;$vno. 636 225 1 $a[United States congressional serial set ] ;$v[serial no. 8525] 300 $aBatch processed record: Metadata reviewed, not verified. Some fields updated by batch processes. 300 $aFDLP item number not assigned. 517 $aBridge across the Mississippi River at or near the City of Natchez, Miss. April 19 606 $aBridge construction industry 606 $aBridges$xDesign and construction 606 $aBridges 606 $aConstruction industry 606 $aEminent domain 606 $aLegislative amendments 606 $aToll bridges 608 $aLegislative materials.$2lcgft 615 0$aBridge construction industry. 615 0$aBridges$xDesign and construction. 615 0$aBridges. 615 0$aConstruction industry. 615 0$aEminent domain. 615 0$aLegislative amendments. 615 0$aToll bridges. 701 $aBingham$b Hiram$f1875-1956$pRepublican (CT)$0463205 801 0$bWYU 801 1$bWYU 801 2$bOCLCO 801 2$bOCLCQ 906 $aBOOK 912 $a9910716213503321 996 $aBridge across the Mississippi River at or near the City of Natchez, Miss. April 19 (calendar day, April 20), 1926. -- Ordered to be printed$93492260 997 $aUNINA LEADER 02954nam 2200625 450 001 9910790422303321 005 20200903223051.0 010 $a90-272-7176-3 035 $a(CKB)2550000001116058 035 $a(EBL)1382063 035 $a(SSID)ssj0000984967 035 $a(PQKBManifestationID)11546459 035 $a(PQKBTitleCode)TC0000984967 035 $a(PQKBWorkID)11014042 035 $a(PQKB)10910731 035 $a(MiAaPQ)EBC1382063 035 $a(Au-PeEL)EBL1382063 035 $a(CaPaEBR)ebr10759326 035 $a(CaONFJC)MIL516350 035 $a(OCoLC)857967954 035 $a(EXLCZ)992550000001116058 100 $a20130502h20132013 uy| 0 101 0 $aeng 135 $aur|n|---||||| 181 $ctxt 182 $cc 183 $acr 200 14$aThe regularity of the "irregular" verbs and nouns in English /$fElena Even-Simkin, Yishai Tobin 210 1$aAmsterdam :$cJohn Benjamins Publishing Company,$d[2013] 210 4$d©2013 215 $a1 online resource (291 p.) 225 1 $aStudies in functional and structural linguistics (SFSL),$x0165-7712 ;$vvolume 66 300 $aDescription based upon print version of record. 311 $a90-272-1576-6 311 $a1-299-85099-5 320 $aIncludes bibliographical references and indexes. 327 $apart one. Introduction -- part two. Background -- part three. The non-irregularity hypotheses -- part four. Phonological non-irregularity hypothesis -- part five. Semantic non-irregularity : the common semantic denominator (CSD) hypothesis -- part six. Further evidence for both hypotheses -- part seven. Discussion and conclusions. 330 $aThis volume presents an in-depth study of the so-called irregular Past Tense (sing/sang) and Noun Plural (foot/feet) forms with Internal Vowel Alternation (IVA) in English demonstrating that they possess both a fixed phonological and semantic regularity. The innovative sign-oriented analysis and inductive methodology employed in this study are further supported by additional first language acquisition data, experimental studies and historical evidence. The data culled from multiple linguistic anthologies, dictionaries and thesauri have shown that although the IVA process comprise 410 0$aStudies in functional and structural linguistics ;$vv. 66. 606 $aGrammar, Comparative and general$xVerb 606 $aGrammar, Comparative and general$xNoun 606 $aEnglish language$xUsage 615 0$aGrammar, Comparative and general$xVerb. 615 0$aGrammar, Comparative and general$xNoun. 615 0$aEnglish language$xUsage. 676 $a425/.92 700 $aEven-Simkin$b Elena$01473967 701 $aTobin$b Y$0173056 801 0$bMiAaPQ 801 1$bMiAaPQ 801 2$bMiAaPQ 906 $aBOOK 912 $a9910790422303321 996 $aThe regularity of the "irregular" verbs and nouns in English$93687362 997 $aUNINA LEADER 02629oas 2201081 a 450 001 9910136311403321 005 20260203110035.0 011 $a1466-609X 035 $a(OCoLC)44637976 035 $a(CONSER) 2002252923 035 $a(CKB)110978984447505 035 $a(MiFhGG)5PZL 035 $a(MiAaPQ)44362 035 $a(DE-599)ZDB2051256-9 035 $a(DE-599)2051256-9 035 $a(EXLCZ)99110978984447505 100 $a20000724a19979999 sy 101 0 $aeng 135 $aur||||||||||| 181 $ctxt$2rdacontent 182 $cc$2rdamedia 183 $acr$2rdacarrier 200 10$aCritical care $ethe official journal of the Critical Care Forum 210 $a[London] $cCurrent Science Ltd.$d1997- 300 $aRefereed/Peer-reviewed 300 $aPublished: [London] : BioMed Central, 2001- 311 08$a1364-8535 517 1 $aCC 531 00$aCrit care 531 1 $aCrit. care 606 $aCritical care medicine$vPeriodicals 606 $aCritical Care 606 $aSoins intensifs$vPe?riodiques 606 $aSoins intensifs 606 $aCritical care medicine$2fast$3(OCoLC)fst00883647 606 $aMedicina d'urgència$2thub 606 $aMedicina intensiva$2thub 608 $aPeriodical. 608 $aperiodicals.$2aat 608 $aPeriodicals.$2fast 608 $aPeriodicals.$2lcgft 608 $aPe?riodiques.$2rvmgf 608 $aRevistes electròniques.$2thub 615 0$aCritical care medicine 615 2$aCritical Care. 615 6$aSoins intensifs 615 6$aSoins intensifs. 615 7$aCritical care medicine. 615 7$aMedicina d'urgència. 615 7$aMedicina intensiva. 712 02$aCritical Care Forum 801 0$bVPI 801 1$bVPI 801 2$bOCLCQ 801 2$bCUS 801 2$bSBH 801 2$bEYM 801 2$bWAU 801 2$bOCLCQ 801 2$bSERSO 801 2$bSBH 801 2$bOCLCQ 801 2$bUKMGB 801 2$bOCLCQ 801 2$bOCLCF 801 2$bOCLCQ 801 2$bOCLCO 801 2$bOCLCQ 801 2$bZ5A 801 2$bOCLCO 801 2$bWY@ 801 2$bOCLCO 801 2$bOCLCA 801 2$bBUF 801 2$bNTG 801 2$bWYU 801 2$bU3W 801 2$bAUD 801 2$bSFB 801 2$bGWM 801 2$bOCLCQ 801 2$bOCLCO 801 2$bOCLCQ 801 2$bIOY 801 2$bSXB 801 2$bCNMTR 801 2$bUEJ 801 2$bOCLCL 801 2$bOCLCQ 906 $aJOURNAL 912 $a9910136311403321 996 $aCritical care$91980912 997 $aUNINA LEADER 03458oam 2200673Mn 450 001 9910965689603321 005 20251116204820.0 010 $a1-138-87082-X 010 $a1-315-83042-6 010 $a1-317-85282-6 010 $a1-317-85283-4 024 7 $a10.4324/9781315830421 035 $a(CKB)2550000001257000 035 $a(EBL)1665701 035 $a(SSID)ssj0001212767 035 $a(PQKBManifestationID)11659950 035 $a(PQKBTitleCode)TC0001212767 035 $a(PQKBWorkID)11210534 035 $a(PQKB)10267254 035 $a(MiAaPQ)EBC1665701 035 $a(Au-PeEL)EBL1665701 035 $a(CaPaEBR)ebr10858714 035 $a(CaONFJC)MIL588730 035 $a(OCoLC)876512725 035 $a(OCoLC)897461902 035 $a(OCoLC)1066450125 035 $a(OCoLC-P)1066450125 035 $a(FlBoTFG)9781315830421 035 $a(FINmELB)ELB138326 035 $a(EXLCZ)992550000001257000 100 $a20040604j20040817 uy 0 101 0 $aeng 135 $aur|n||||||||| 181 $ctxt 182 $cc 183 $acr 200 10$aMoral Sense 205 $aReprint. 210 $aNew York $cRoutledge$dAug. 2004$aFlorence $cTaylor & Francis Group [distributor] 210 1$aAbingdon, Oxon :$cRoutledge,$d2002. 215 $a1 online resource (307 p.) 225 0 $aMuirhead library of philosophy. Ethics ;$v3 300 $aFirst published in 1930. 311 08$a0-415-29568-8 311 08$a1-306-57479-X 320 $aIncludes bibliographical references and index. 327 $ach. 1. Shaftesbury -- ch. 2. Critics of Shaftesbury -- ch. 3. Hutcheson : "Inquiry", 1725 -- ch. 4. Hutcheson : "The passions", 1728 -- ch. 5. Hutcheson : "The system", 1755 -- ch. 6. Min critics of the theory -- ch. 7. Hume : "Human nature" -- ch. 8. Hume : "Principles of morals" -- ch. 9. Adam Smith : his theory -- ch. 10. Adam Smith : historian and critic -- ch. 11. Adam Smith : under criticism with Hutcheson -- ch. 12. Kant on the moral sense. 330 8 $aAnnotation$bIn a society where a comic equates with knockabout amusment for children, the sudden pre-eminence of adult comics, on everything from political satire to erotic fantasy, has predictably attracted an enormous amount of attention. Adult comics are part of the cultural landscape in a way that would have been unimaginable a decade ago. In this first survey of its kind, Roger Sabin traces the history of comics for older readers from the end of the nineteenth century to the present. He takes in the pioneering titles pre-First World War, the underground 'comix' of the 1960s and 1970s, 'fandom' in the 1970s and 1980s, and the boom of the 1980s and 1990s (including 'graphic novels' and Viz.). Covering comics from the United States, Europe and Japan, Adult Comics addresses such issues as the graphic novel in context, cultural overspill and the role of women. By taking a broad sweep, Sabin demonstrates that the widely-held notion that comics 'grew up' in the late 1980s is a mistaken one, largely invented by the media. Adult Comics: An Introduction is intended primarily for student use, but is written with the comic enthusiast very much in mind. 606 $aEthics 615 0$aEthics. 676 $a170 676 $a170 700 $aBonar$b Jim$01899638 801 0$bOCoLC-P 801 1$bOCoLC-P 906 $aBOOK 912 $a9910965689603321 996 $aMoral Sense$94559191 997 $aUNINA